000 00529nam a2200217Ia 4500
003 OSt
005 20220918225501.0
006 a|||||r|||| 00| 0
007 ta
008 220917b |||||||| |||| 00| 0 eng d
024 _a241,992
037 _cTextual
040 _aARTS
_cARTS
_beng
041 _2eng
_aeng
082 _aP111:7, K0
100 _aMurry F Middleton
_9150514
245 0 _aProblem of style
260 _c1960
942 _hP111:7, K0
_cTEXL
_2CC
999 _c284858
_d284858